00406nam a2200145Ia 4500003000900000008004100009040001600050080001300066100002000079245008100099260003900180300001000219650001600229650001500245IN-BaIIA211028s9999 xx 000 0 eng d cIIA Library a510bHUT aHutton, Charles 0aTracts on mathematical and philosophical subjectsbvol. IIcCharles Hutton  aLondonbF.G and J. Rivingtonc1812 a384p. aMathematics aPhilosophy